Catálogo
Digital

Catálogo
Digital

Democracia y Fuerzas Armadas en Sudamérica. (Record no. 14443)

MARC details
000 -CABECERA
campo de control de longitud fija 01511nam a2200337 4500
003 - IDENTIFICADOR DEL NÚMERO DE CONTROL
campo de control EC-UNACH
005 - FECHA Y HORA DE LA ÚLTIMA TRANSACCIÓN
campo de control 20260318165257.0
006 - CÓDIGOS DE INFORMACIÓN DE LONGITUD FIJA--CARACTERÍSTICAS DEL MATERIAL ADICIONAL
campo de control de longitud fija s||||gr|||| 00| 00
008 - DATOS DE LONGITUD FIJA--INFORMACIÓN GENERAL
campo de control de longitud fija 150116t9999 mx r gr 000 0 spa d
020 ## - NÚMERO INTERNACIONAL ESTÁNDAR DEL LIBRO
Número Internacional Estándar del Libro 9978-961-05-4
040 ## - FUENTE DE LA CATALOGACIÓN
Centro catalogador/agencia de origen EC-UNACH
Centro/agencia transcriptor EC-UNACH
041 ## - CÓDIGO DE LENGUA
Código de lengua del texto/banda sonora o título independiente spa
082 04 - NÚMERO DE LA CLASIFICACIÓN DECIMAL DEWEY
Número de edición 23
Número de clasificación 900
Número de documento/Ítem L018646
100 ## - ENTRADA PRINCIPAL--NOMBRE DE PERSONA
Nombre de persona Bustamente, Fernando
245 ## - MENCIÓN DE TÍTULO
Título Democracia y Fuerzas Armadas en Sudamérica.
250 ## - MENCIÓN DE EDICIÓN
Mención de edición Primera Edición
264 ## - Producción, publicación, distribución, fabricación y copyright
Lugar de producción, publicación, distribución, fabricación Quito, Ecuador.
Nombre del de productor, editor, distribuidor, fabricante Coorporación de Estudios para el Desarrollo
Fecha de de producción, publicación, distribución, fabricación o copyright 1988
300 ## - DESCRIPCIÓN FÍSICA
Extensión 379 páginas.
Otras características físicas 14 x 21 cm
501 ## - NOTA DE "CON"
Nota de “Con” Incluye: Contenido, Presentación, Conclusiones.
505 ## - NOTA DE CONTENIDO CON FORMATO
Nota de contenido con formato Democracia y Fuerzas Armadas en el Argentina -- Autonomía Militar y construcción del poder -- Democracia y Fuerzas Armadas en Chile -- Fuerzas Armadas en Ecuador: ¿Puede Institucionalizarse la subordinación al poder civil? -- Democracia y Fuerzas Armadas en Perú -- Las relaciones político-militares en Venezuela -- Hacia un modelo de democrático en las relaciones civiles-militares para América Latina -- El papel de la cooperación intermilitar en el diseño de una política de reinserción democrática de las Fuerzas Armadas en América Latina.
650 ## - PUNTO DE ACCESO ADICIONAL DE MATERIA--TÉRMINO DE MATERIA
Término de materia o nombre geográfico como elemento inicial FUERZAS ARAMADAS
650 ## - PUNTO DE ACCESO ADICIONAL DE MATERIA--TÉRMINO DE MATERIA
Término de materia o nombre geográfico como elemento inicial ARGENTINA
650 ## - PUNTO DE ACCESO ADICIONAL DE MATERIA--TÉRMINO DE MATERIA
Término de materia o nombre geográfico como elemento inicial ECUADOR
650 ## - PUNTO DE ACCESO ADICIONAL DE MATERIA--TÉRMINO DE MATERIA
Término de materia o nombre geográfico como elemento inicial PERÚ
650 ## - PUNTO DE ACCESO ADICIONAL DE MATERIA--TÉRMINO DE MATERIA
Término de materia o nombre geográfico como elemento inicial VENEZUELA
650 ## - PUNTO DE ACCESO ADICIONAL DE MATERIA--TÉRMINO DE MATERIA
Término de materia o nombre geográfico como elemento inicial CHILE
942 ## - ELEMENTOS DE PUNTO DE ACCESO ADICIONAL (KOHA)
Fuente del sistema de clasificación o colocación Clasificación Decimal Dewey
Tipo de ítem Koha Libros
999 ## - NÚMEROS DE CONTROL DE SISTEMA (KOHA)
Koha biblionumber 14443
Holdings
Estado de pérdida Fuente del sistema de clasificación o colocación Estado dañado No para préstamo Localización permanente Ubicación/localización actual Ubicación en estantería Fecha de adquisición Número de inventario Total de préstamos Signatura topográfica completa Código de barras Fecha visto por última vez Número de copia Precio válido a partir de Tipo de ítem Koha Centro de costos
  Clasificación Decimal Dewey     Biblioteca Campus Sur Biblioteca Campus Sur Pedagogía de la Historia y las Ciencias Sociales 18/03/2026 322982   900 BUS L018646 L018646 18/03/2026 01 18/03/2026 Libros  

Powered by Koha